000 00910nam a2200217Ii 4500
003 JO-AjNU
008 230605s9999||||xx |||||||||||||| ||und||
017 _a2002/12/2894
040 _aJO-AjNU
_bara
_erda
_cJO-AjNU
041 _aara
050 1 4 _aPJ8060.S5422 2002
100 3 _aاللجنة الوطنية العليا لإعلان عمان عاصمة للثقافة العربية,
_eauthor
_945425
245 0 0 _aالشعر في الأردن: أوراق ملتقيات عمان الإبداعية، ملتقى الشعر في الأردن
250 _aط1
264 3 1 _aعمان : اللجنة الوطنية العليا لإعلان عمان عاصمة للثقافة العربية ،2002
300 _a470ص
336 _atext
_btxt
_2rdacontent
337 _aunmediated
_bn
_2rdamedia
338 _avolume
_bnc
_2rdacarrier
650 4 _aالشعر العربي - النقد الأدبي
_945426
999 _aA19689
_c23257
_d23257